<?xml version="1.0" encoding="UTF-8"?>
<record
    xmlns:xsi="http://www.w3.org/2001/XMLSchema-instance"
    xsi:schemaLocation="http://www.loc.gov/MARC21/slim http://www.loc.gov/standards/marcxml/schema/MARC21slim.xsd"
    xmlns="http://www.loc.gov/MARC21/slim">

  <leader>01524nam a22002417a 4500</leader>
  <controlfield tag="001">6711</controlfield>
  <controlfield tag="003">FISKH</controlfield>
  <controlfield tag="005">20250521144554.0</controlfield>
  <controlfield tag="008">250521b        cb ||||| |||| 00| 0 eng d</controlfield>
  <datafield tag="040" ind1=" " ind2=" ">
    <subfield code="a">FISKH</subfield>
    <subfield code="b">khr</subfield>
    <subfield code="c">FISKH</subfield>
    <subfield code="d">FISKH</subfield>
  </datafield>
  <datafield tag="082" ind1=" " ind2=" ">
    <subfield code="a">641.5</subfield>
  </datafield>
  <datafield tag="100" ind1=" " ind2=" ">
    <subfield code="a">Chhengleang, Leap</subfield>
  </datafield>
  <datafield tag="245" ind1=" " ind2=" ">
    <subfield code="a">&#x179C;&#x17B7;&#x1787;&#x17D2;&#x1787;&#x17B6;&#x1798;&#x17C1;&#x1795;&#x17D2;&#x1791;&#x17C7; &#x179C;&#x17B7;&#x1787;&#x17D2;&#x1787;&#x17B6;&#x1792;&#x17D2;&#x179C;&#x17BE;&#x1798;&#x17D2;&#x17A0;&#x17BB;&#x1794;&#x1794;&#x17C2;&#x1794;&#x1781;&#x17D2;&#x1798;&#x17C2;&#x179A; /</subfield>
    <subfield code="c">&#x17A2;&#x17D2;&#x1793;&#x1780;&#x179F;&#x17D2;&#x179A;&#x17B8; &#x179B;&#x17B6;&#x1794; &#x1786;&#x17C1;&#x1784;&#x179B;&#x17B6;&#x1784;&#x200B;</subfield>
  </datafield>
  <datafield tag="260" ind1=" " ind2=" ">
    <subfield code="a">&#x1797;&#x17D2;&#x1793;&#x17C6;&#x1796;&#x17C1;&#x1789; :</subfield>
    <subfield code="b">&#x179F;&#x17BB;&#x17BA;&#x1784; &#x178E;&#x17B6;&#x17C6;&#x17A0;&#x17BB;&#x1784;&#x200B; ,</subfield>
  </datafield>
  <datafield tag="300" ind1=" " ind2=" ">
    <subfield code="a">126 pages : </subfield>
    <subfield code="b">illustrations ; </subfield>
    <subfield code="c">21 cm. </subfield>
  </datafield>
  <datafield tag="520" ind1=" " ind2=" ">
    <subfield code="a">&#x179F;&#x17C0;&#x179C;&#x1797;&#x17C5; &#xAB;&#x179C;&#x17B7;&#x1787;&#x17D2;&#x1787;&#x17B6;&#x1792;&#x17D2;&#x179C;&#x17BE;&#x1798;&#x17D2;&#x17A0;&#x17BC;&#x1794;&#x1791;&#x17C6;&#x1793;&#x17BE;&#x1794;&#xBB; &#x178A;&#x17C2;&#x179B;&#x179A;&#x17C0;&#x1794;&#x179A;&#x17C0;&#x1784;&#x178A;&#x17C4;&#x1799; &#x17A2;&#x17D2;&#x1793;&#x1780;&#x179F;&#x17D2;&#x179A;&#x17B8; &#x179B;&#x17B6;&#x1794; &#x1786;&#x17C1;&#x1784;&#x179B;&#x17B6;&#x1784; &#x1782;&#x17BA;&#x1787;&#x17B6;&#x179F;&#x17C0;&#x179C;&#x1797;&#x17C5;&#x1792;&#x17D2;&#x179C;&#x17BE;&#x1798;&#x17D2;&#x17A0;&#x17BC;&#x1794;&#x1781;&#x17D2;&#x1798;&#x17C2;&#x179A;&#x178A;&#x17C2;&#x179B;&#x1795;&#x17D2;&#x178F;&#x17C4;&#x178F;&#x179B;&#x17BE;&#x1780;&#x17B6;&#x179A;&#x1794;&#x1784;&#x17D2;&#x17A0;&#x17B6;&#x1789;&#x179C;&#x17B7;&#x1792;&#x17B8;&#x1792;&#x17D2;&#x179C;&#x17BE;&#x1798;&#x17D2;&#x17A0;&#x17BC;&#x1794;&#x1794;&#x17D2;&#x179A;&#x1796;&#x17C3;&#x178E;&#x17B8;&#x1781;&#x17D2;&#x1798;&#x17C2;&#x179A;&#x178A;&#x17C4;&#x1799;&#x1794;&#x17D2;&#x179A;&#x17BE;&#x1794;&#x17D2;&#x179A;&#x17B6;&#x179F;&#x17CB;&#x1782;&#x17D2;&#x179A;&#x17BF;&#x1784;&#x1795;&#x17D2;&#x179F;&#x17C6;&#x1791;&#x17C6;&#x1793;&#x17BE;&#x1794; &#x1793;&#x17B7;&#x1784;&#x1794;&#x1785;&#x17D2;&#x1785;&#x17C1;&#x1780;&#x1791;&#x17C1;&#x179F;&#x1790;&#x17D2;&#x1798;&#x17B8;&#x17D7;&#x17D4;
</subfield>
  </datafield>
  <datafield tag="520" ind1=" " ind2=" ">
    <subfield code="a">The book "Modern Khmer Cooking", compiled by Ms. Leap Cheng Leang, is a Khmer cookbook that focuses on presenting traditional Khmer recipes using modern ingredients and contemporary techniques.




</subfield>
  </datafield>
  <datafield tag="650" ind1=" " ind2=" ">
    <subfield code="a">&#x179C;&#x17B7;&#x1787;&#x17D2;&#x1787;&#x17B6;&#x1792;&#x17D2;&#x179C;&#x17BE;&#x1798;&#x17D2;&#x17A0;&#x17BC;&#x1794;</subfield>
  </datafield>
  <datafield tag="650" ind1=" " ind2=" ">
    <subfield code="a">Cooking method </subfield>
  </datafield>
  <datafield tag="700" ind1=" " ind2=" ">
    <subfield code="a">Namhong, Soeung </subfield>
    <subfield code="e">Illustrator </subfield>
  </datafield>
  <datafield tag="942" ind1=" " ind2=" ">
    <subfield code="2">ddc</subfield>
    <subfield code="c">KHB</subfield>
    <subfield code="n">0</subfield>
  </datafield>
  <datafield tag="999" ind1=" " ind2=" ">
    <subfield code="c">6711</subfield>
    <subfield code="d">6711</subfield>
  </datafield>
  <datafield tag="952" ind1=" " ind2=" ">
    <subfield code="0">0</subfield>
    <subfield code="1">0</subfield>
    <subfield code="2">ddc</subfield>
    <subfield code="4">0</subfield>
    <subfield code="7">0</subfield>
    <subfield code="8">KH</subfield>
    <subfield code="a">002</subfield>
    <subfield code="b">002</subfield>
    <subfield code="c">SKB</subfield>
    <subfield code="d">2025-05-21</subfield>
    <subfield code="l">0</subfield>
    <subfield code="o">CHH 641.5</subfield>
    <subfield code="p">FISSE02116</subfield>
    <subfield code="r">2025-05-21 14:45:51</subfield>
    <subfield code="w">2025-05-21</subfield>
    <subfield code="y">KHB</subfield>
  </datafield>
</record>
